Tribologické charakteristiky polymerů v třecích uzlech

Bibliographic Details
Main Authors: Lukovics, Imrich (Author), Bělák, Viktor (Author), Koudelková, Zuzana (Author)
Format: Article
Language:English
ISBN:8070998288

MARC

LEADER 00000naa a2200000uu 4500
001 vtls011073063
003 SK-MaSNL
005 20260302111100.0
008 210908|2002 xo |||||||||||||||||eng|
015 |a SNBRA 
035 |a (urnnbn)urn:nbn:sk:snk:ar-a0cc64 
035 |a (uuid)062e4dd8-71b3-46b6-91c1-a366aa5366fd 
035 |a urn:nbn:sk:snk-aaviep 
040 |a SNKBUCL  |b slo  |c SNKBUCL  |e AACR2 
041 0 |a eng 
044 |a xo  |c SK 
100 1 |a Lukovics, Imrich  |4 aut  |9 775247 
245 1 0 |a Tribologické charakteristiky polymerů v třecích uzlech  |c Imrich LUKOVICS, Viktor BĚLÁK, Zuzana KOUDELKOVÁ 
246 3 |a Tribological Characteristics of Polymer Friction Couples 
700 1 |a Bělák, Viktor  |4 aut  |9 788025 
700 1 |a Koudelková, Zuzana  |4 aut  |9 788026 
773 0 |t Nové smery vo výrobnom inžinierstve 2002  |d Košice : Technická univerzita, 2002  |g S. 442-445  |z 8070998288 
958 |a OND 
958 |a article12 
958 |a chapter 
999 |c 1246113  |d 1248043